000
00258nam a2200109Ia 4500
008
220204s9999 xx 000 0 und d
082
_a
802
_b
MAR
100
_a
Martin, R J
245
0
_a
Expressive English
260
_a
Bombay
_b
Taraporevala
_c
1974
942
_c
BK
999
_c
33089
_d
33089